Score 0/20 Timer 03:00
0 Plays Today
% Correct
Susan
88.4%
Mary
84.1%
Linda
83.3%
Karen
82.6%
Elizabeth
81.6%
Deborah
80.3%
Patricia
76.8%
Donna
76.3%
Lisa
76%
Sandra
73%
% Correct
Pamela
72.1%
Julie
70.8%
Michelle
70.8%
Laura
69.5%
Jennifer
67.3%
Brenda
63.9%
Cynthia
61%
Kimberly
58.3%
Tammy
50%
Lori
44.6%
Remove Ads.
Support Sporcle.
Get the best of Sporcle when you Go Orange. This ad-free experience offers more features, more stats, and more fun while also helping to support Sporcle. Thank you for becoming a member.

You're not logged in!

Compare scores with friends on all Sporcle quizzes.
OR
Log In

Show Comments

Extras

Top Quizzes Today


Score Distribution

Your Account Isn't Verified!

In order to create a playlist on Sporcle, you need to verify the email address you used during registration. Go to your Sporcle Settings to finish the process.

Report this User

Report this user for behavior that violates our Community Guidelines.

Details: